55 Player Scotland Squad - Statistics

General Stats
  • This quiz has been taken 11 times
  • The average score is 36 of 55
Answer Stats
Position Club Player % Correct
Full Back Liverpool Andy Robertson
100%
Striker Torino Che Adams
100%
Full Back Celtic Kieran Tierney
89%
Midfielder Bologna Lewis Ferguson
89%
Midfielder Napoli Scott Mctominay
89%
Midfielder Napoli Billy Gilmour
78%
Center Back Al-Ettifaq Jack Hendry
78%
Midfielder Aston Villa John Mcginn
78%
Striker Hull City Oli Mcburnie
78%
Full Back Brentford Aaron Hickey
67%
Midfielder Sparta Prague Andy Irving
67%
Goalkeeper Nottingham Forest Angus Gunn
67%
Striker Falkirk Barney Stewart
67%
Winger Bournemouth Ben Gannon-Doak
67%
Winger Falkirk Calvin Miller
67%
Midfielder Rangers Connor Barron
67%
Goalkeeper Hearts Craig Gordon
67%
Center Back Wrexham Dom Hyam
67%
Winger Kilmarnock Finlay Curtis
67%
Striker Ipswich George Hirst
67%
Center Back Hibs Grant Hanley
67%
Center Back Rangers John Souttar
67%
Full Back Sassuolo Josh Doig
67%
Midfielder Norwich Kenny Mclean
67%
Striker Hellas Verona Kieron Bowie
67%
Striker Hearts Lawrence Shankland
67%
Midfielder Udinese Lennon Miller
67%
Goalkeeper Rangers Liam Kelly
67%
Striker Charlton Lyndon Dykes
67%
Full Back Everton Nathan Patterson
67%
Striker Union Berlin Oli Burke
67%
Striker Southampton Ross Stewart
67%
Midfielder Bournemouth Ryan Christie
67%
Midfielder Vancouver Whitecaps Ryan Gauld
67%
Center Back LAFC Ryan Porteous
67%
Goalkeeper Falkirk Scott Bain
67%
Center Back Dinamo Zagreb Scott Mckenna
67%
Striker Middlesbrough Tommy Conway
67%
Full Back Celtic Colby Donovan
56%
Center Back Hearts Craig Halkett
56%
Midfielder Kilmarnock David Watson
56%
Midfielder Motherwell Elliot Watt
56%
Striker Darmstadt Fraser Hornby
56%
Full Back Hearts Harry Milne
56%
Goalkeeper Dundee Jon Mccracken
56%
Winger San Diego Lewis Morgan
56%
Center Back Dundee Luke Graham
56%
Full Back Derby Max Johnston
56%
Striker Sirius Robbie Ure
56%
Goalkeeper Esbjerg Robby Mccrorie
56%
Full Back Bristol City Ross Mccrorie
56%
Center Back Motherwell Steven Welsh
56%
Center Back Hearts Stuart Findlay
56%
Goalkeeper Doncaster Rovers Zander Clark
56%
Midfielder Hibs Josh Mulligan
44%
No matching quizzes found
Score Distribution
Percent of People with Each Score
Percentile by Number Answered
Your Score History
You have not taken this quiz